Every Urban Area in the U.S. Pacific States on a Map - Statistics

General Stats
  • This quiz has been taken 69 times
  • The average score is 73 of 332
Answers on the Map
Answers color-coded by a green-red scale on the quiz's map according to % correct below.
 
Answer Stats
Urban Area Population % Correct
Oregon Portland 2,104,238
94%
Washington Seattle 3,544,011
94%
Hawaii Honolulu 853,252
93%
Alaska Anchorage 249,252
91%
Alaska Anchorage Northeast 29,561
91%
Alaska Juneau 24,756
91%
California Los Angeles 12,237,376
91%
California San Francisco 3,269,385
91%
Alaska Fairbanks 71,396
89%
California San Diego 3,070,300
89%
California San Jose 1,837,446
89%
Washington Spokane 447,279
89%
Washington Olympia 208,157
87%
California Sacramento 1,946,618
85%
Oregon Salem 268,331
83%
Oregon Eugene 270,179
81%
California Fresno 717,589
81%
California Riverside 2,276,703
81%
California Bakersfield 570,235
76%
Hawaii Hilo 41,410
76%
California Stockton 414,847
70%
Oregon Bend 106,988
69%
California Santa Barbara 202,197
67%
Alaska Wasilla 53,444
67%
Alaska Kodiak 9,530
65%
California Oxnard 376,117
65%
California Santa Clarita 278,031
65%
Alaska Sitka 7,668
65%
California Santa Rosa 297,329
63%
Washington Yakima 133,145
63%
California Eureka 45,951
61%
California Modesto 357,301
59%
California Redding 120,602
59%
Washington Walla Walla 50,013
59%
Washington Bellingham 128,979
57%
California Santa Cruz 169,038
57%
California Indio 361,075
56%
California Palmdale 359,559
56%
Washington Kennewick 255,401
54%
Alaska Ketchikan 11,975
54%
Washington Long Beach 3,252
54%
California Santa Maria 143,609
54%
California Seaside 123,495
54%
California Napa 84,619
52%
California Salinas 177,532
52%
Oregon Corvallis 66,791
50%
California Merced 150,052
50%
California San Luis Obispo 56,904
50%
California Victorville 355,816
50%
California Visalia 160,578
50%
Oregon Astoria 15,825
48%
California Chico 111,411
48%
Oregon Medford 171,640
48%
Oregon Ontario 27,806
48%
California Thousand Oaks 213,986
44%
California Vallejo 175,132
44%
Washington Bremerton 224,449
43%
Washington Port Angeles 24,445
43%
Alaska Kenai 8,642
41%
Washington Pullman 32,691
41%
California South Lake Tahoe 31,363
41%
California Temecula 528,991
41%
Alaska Bethel 5,097
39%
California Concord 538,583
39%
Oregon Albany 62,074
37%
California Calexico 38,491
37%
California El Centro 74,376
37%
Hawaii Kailua 118,092
37%
Hawaii Kailua-Kona 33,024
37%
Washington Wenatchee 78,142
37%
California Yuba City 125,706
37%
California Davis 77,034
35%
Washington Marysville 160,440
35%
California Simi Valley 127,364
35%
California Antioch 326,205
33%
Oregon Coos Bay 31,688
33%
Oregon Grants Pass 55,724
33%
Oregon Klamath Falls 43,208
33%
California Mission Viejo 646,843
33%
California Vacaville 101,027
33%
California Barstow 30,522
31%
Hawaii Kahului 57,905
31%
Oregon Redmond 33,293
31%
California Crescent City 15,620
30%
Oregon Newport 11,731
30%
Oregon The Dalles 17,398
30%
California Tulare 70,628
30%
California Yreka 7,617
30%
California Avalon 3,362
28%
California Fairfield 150,122
28%
California Lodi 73,090
28%
California San Rafael 246,548
28%
California Sonoma 31,479
28%
California Blythe 11,780
26%
California Hanford 66,638
26%
California Hemet 173,194
26%
Oregon Hood River 16,171
26%
Oregon Lincoln City 10,494
26%
Washington Mount Vernon 66,825
26%
California Petaluma 65,227
26%
California Watsonville 68,668
26%
Hawaii Lihue 15,885
24%
California Livermore 240,381
24%
California Twentynine Palms 12,881
24%
California Twentynine Palms North 11,665
24%
Washington Anacortes 18,529
22%
California Auburn 31,371
22%
California Bishop 11,013
22%
California Lompoc 54,287
22%
California Madera 81,635
22%
California Needles 6,739
22%
California Ridgecrest 29,307
22%
Washington Snoqualmie 17,070
22%
Oregon Tillamook 6,166
22%
Washington Aberdeen 26,603
20%
Oregon Baker City 9,768
20%
California Gilroy 114,833
20%
Oregon Pendleton 17,488
20%
Washington Point Roberts 1,191
20%
Oregon Roseburg 43,484
20%
California Susanville 8,995
20%
California Tracy 120,912
20%
California Truckee 12,756
20%
Hawaii Lahaina 21,398
19%
Washington Longview 69,841
19%
California Manteca 86,674
19%
Washington Oak Harbor 37,449
19%
California Paso Robles 67,804
19%
California Porterville 69,862
19%
Oregon Seaside 9,183
19%
California Woodland 61,133
19%
Washington Woodland 7,217
19%
California Arcata 19,714
17%
California Delano 44,410
17%
Washington Ellensburg 21,518
17%
California Half Moon Bay 21,688
17%
California Hollister 49,611
17%
California Joshua Tree 4,370
17%
California King City 13,760
17%
California Mammoth Lakes 7,045
17%
Washington Moses Lake 38,751
17%
Washington North Bend 11,762
17%
California Oroville 40,190
17%
Washington Port Townsend 10,042
17%
California Red Bluff 19,826
17%
California Solvang 10,295
17%
California Yucca Valley 18,293
17%
Oregon Brookings 11,294
15%
California Camarillo 76,338
15%
California Clearlake 17,351
15%
Oregon Florence 11,477
15%
Oregon Hermiston 28,938
15%
California Jackson 7,781
15%
California Morro Bay 13,163
15%
California Mount Shasta 5,203
15%
California Placerville 23,291
15%
Alaska Soldotna 4,646
15%
California Turlock 79,203
15%
Oregon Burns 4,169
13%
Washington Centralia 42,338
13%
California Desert Hot Springs 45,767
13%
California Dixon 18,876
13%
Washington Friday Harbor 3,542
13%
Oregon La Grande 14,954
13%
Oregon McMinnville 41,831
13%
Washington Sequim 24,864
13%
California Sonora 29,013
13%
California Ukiah 28,987
13%
California Arroyo Grande 50,885
11%
California Big Bear 16,498
11%
Washington Chelan 6,380
11%
California Corcoran 22,377
11%
California Fort Bragg 10,668
11%
California Grass Valley 36,720
11%
California McFarland 14,149
11%
California Ramona 14,837
11%
Oregon Sandy 13,173
11%
California Selma 32,546
11%
Oregon St. Helens 19,112
11%
California Tehachapi 17,298
11%
California Alpine 13,307
9%
California Brawley 26,270
9%
California Calistoga 5,173
9%
California Discovery Bay 15,939
9%
California Fortuna 12,784
9%
California Greenfield 18,858
9%
California Guadalupe 8,046
9%
California Lakeport 8,994
9%
California Los Banos 45,533
9%
California McKinleyville 14,981
9%
Oregon Newberg 30,893
9%
California Nipomo 20,303
9%
California Patterson 23,660
9%
California Santa Paula 30,675
9%
California St. Helena 6,086
9%
Oregon Tri-City 8,656
9%
California Williams 5,558
9%
California Willits 7,552
9%
Oregon Woodburn 27,577
9%
California Arvin 19,385
7%
California Buellton 5,161
7%
California Cambria 5,478
7%
California Coalinga 13,049
7%
California Colusa 6,955
7%
California Corning 8,459
7%
Oregon Dallas 17,625
7%
California Fallbrook 41,305
7%
California Firebaugh 8,117
7%
California Galt 26,618
7%
California Gridley 8,653
7%
Hawaii Kihei 26,878
7%
Oregon Madras 8,087
7%
Washington Ocean Shores 6,766
7%
Washington Omak 8,165
7%
California Orland 9,422
7%
Hawaii Princeville 2,544
7%
Oregon Prineville 12,407
7%
Oregon Reedsport 4,503
7%
Washington Ridgefield 10,356
7%
California Rosamond 17,538
7%
California Sebastopol 18,734
7%
California Soledad 18,946
7%
California Wasco 22,235
7%
California Willows 7,578
7%
California Winters 7,073
7%
California Avenal 13,304
6%
Oregon Bayside Gardens 2,849
6%
California Castroville 12,334
6%
Washington Cheney 13,176
6%
California Chowchilla 13,196
6%
Washington Colville 5,058
6%
Oregon Coquille 4,373
6%
Oregon Cottage Grove 11,826
6%
California Crestline 22,272
6%
California Delhi 10,274
6%
Washington Duvall 8,165
6%
California Exeter 10,973
6%
California Fillmore 16,397
6%
California Gonzales 8,682
6%
California Ione 4,673
6%
Hawaii Kapa'a 18,212
6%
California Kerman 16,002
6%
Oregon Lebanon 22,327
6%
California Lemoore 26,957
6%
California Live Oak 9,080
6%
California Los Osos 13,978
6%
California Mecca 6,875
6%
Washington Montesano 12,682
6%
California Newman 12,387
6%
Washington Othello 10,865
6%
California Reedley 49,614
6%
California Rio Vista 9,942
6%
California Ripon 15,829
6%
Oregon Rockaway Beach 1,761
6%
California Sanger 27,325
6%
Washington Shelton 14,907
6%
Oregon Sutherlin 9,656
6%
Oregon Bandon 4,104
4%
Washington Belfair 5,141
4%
California Clearlake Riviera 5,461
4%
Washington Cle Elum 3,846
4%
California Cloverdale 9,451
4%
Oregon Estacada 5,267
4%
Washington Freeland 7,907
4%
Washington Granite Falls 6,349
4%
California Gustine 6,128
4%
California Holtville 6,230
4%
Oregon Junction City 7,312
4%
California Kingsburg 12,602
4%
Hawaii Laie 12,488
4%
California Lamont 15,271
4%
California Lindsay 13,942
4%
California Livingston 14,255
4%
California Mendota 13,382
4%
Oregon Molalla 10,258
4%
Oregon Monmouth 20,912
4%
Washington Monroe 24,635
4%
California Nice 8,555
4%
California Oakdale 25,408
4%
Washington Ocean Park 5,411
4%
California Parlier 14,522
4%
California Plumas Lake 7,337
4%
Washington Port Hadlock 5,372
4%
Washington Quincy 7,846
4%
California Running Springs 5,313
4%
California San Diego Country Estates 7,002
4%
Oregon Scappoose 9,652
4%
California Shafter 19,278
4%
Oregon Sheridan 6,464
4%
California Silver Lakes 5,908
4%
Oregon Silverton 10,909
4%
Oregon Stayton 11,122
4%
Washington Sultan 5,665
4%
Washington Sunnyside 17,140
4%
Oregon Sweet Home 10,088
4%
California Taft 15,022
4%
Oregon Veneta 6,987
4%
Oregon Waldport 5,394
4%
California Wrightwood 3,927
4%
Washington Birch Bay 15,833
2%
Oregon Canby 19,055
2%
Washington Connell 5,437
2%
Oregon Creswell 6,137
2%
California Dos Palos 7,721
2%
California Earlimart 7,470
2%
Washington Ephrata 8,050
2%
California Escalon 7,480
2%
Washington Grandview 11,187
2%
California Hidden Meadows 4,884
2%
California Huron 6,129
2%
California Lake Isabella 3,698
2%
California Lake of the Pines 4,261
2%
California Lemoore Station 6,568
2%
Washington Lynden 15,995
2%
California Magalia 6,900
2%
Oregon Milton-Freewater 8,131
2%
California Orange Cove 9,716
2%
California Orosi 12,795
2%
Washington Prosser 6,589
2%
Hawaii Pukalani 23,305
2%
California Rancho Calaveras 8,164
2%
Washington Stanwood 7,678
2%
Washington Toppenish 10,057
2%
Washington Wapato 7,071
2%
California Waterford 9,746
2%
California Woodlake 7,514
2%
Washington Yelm 14,924
2%
California Fort Irwin 8,096
0%
Hawaii Kekaha 5,724
0%
Oregon Lincoln Beach 3,626
0%
Hawaii Pupukea 15,509
0%
Hawaii Waikoloa Village 6,824
0%
No matching quizzes found
Score Distribution
Percent of People with Each Score
Percentile by Number Answered
Your Score History
You have not taken this quiz